000 00590nab a2200181 4500
001 244442
003 OSt
005 20230712091819.0
007 tu
008 200917s2020|||||||
040 _aDE-2950
_cDE-2950
245 0 0 _aMauer-Labyrinth sorgt für Aufregung.
_bKunst. Auf der Oderpromenade ist heute die Vernissage zur Beton-Installation "Sorry" . Im Vorfeld gab es Diskussionen/
_csep
264 _c2023
653 _aFrankfurt (Oder)
653 _aBeton-Installation
773 0 _g34. Jahrgang (2023) Nr. 149 vom 29.06.2023, S. 15: mit Foto
_tMärkische Oderzeitung
942 _2z
_cA
999 _c372616
_d372616